Omari if you known - Statistics

General Stats
  • This quiz has been taken 3 times
  • The average score is 29 of 61
Answer Stats
Hint Answer % Correct
Age 46
100%
Release date 2004
50%
Release date 2005
50%
Release date 2007
50%
Release date 2008
50%
Release date 2010
50%
Date 2011
50%
Release date 2013
50%
Release date 2016
50%
Release date 2018
50%
Release date 2018
50%
Release date 2019
50%
Release date 2021
50%
Release date 2024
50%
Number of Grammys 24
50%
Number of nominations 75
50%
5th album 808s & Heartbreak
50%
Birth date 8 juin 1977
50%
Wife Amber Rose
50%
Town Atlanta
50%
Wife Bianca Censori
50%
Mental issue Bipolar
50%
You know we don't have a jaccuzy Can you believe that we don't have a jaccuzy
50%
Third kid Chicago
50%
11th album Donda
50%
Mother's name Donda West
50%
What does kanye think about president Bush George Bush doesn't care about black people
50%
State Georgia
50%
4th album Graduation
50%
Most streamed album Graduation
50%
Everybody want to know what I will do if I didn't win I guess we'll never know
50%
With who ? Jay-Z
50%
10th album Jesus is King
50%
Full name Kanye Omari West
50%
Group album Kids See Ghosts
50%
Wife Kim Kardashian
50%
Album the least streamed Late Orchestration
50%
2nd album Late Registration
50%
6th album My Beautiful Dark Twisted Fantasy
50%
Most streamed song in duo Ni**as in Paris
50%
First kid North
50%
Fourth kid Psalm
50%
Second kid Saint
50%
Most streamed song in solo Stronger
50%
Film where its music is played Suicide Squad, Gatsby le Magnifique, Sécurité rapprochée, Very Bad Trip
50%
First famous album that he produces (50%) The Blueprint
50%
1st album The College Dropout
50%
What's the best part about being a dad The kids
50%
8th album The Life of Pablo
50%
Meaning of his name in Swahili The only one
50%
With who ? Ty Dolla $ign
50%
Collaborative album Vultures 1
50%
Collaborative album Watch the throne
50%
Surname Ye
50%
9th album Ye
50%
7th album Yeezus
50%
Surname Yeezy
50%
Number of sales of his albums 120 millions
0%
Number of streams 21 millions
0%
Number of awards in music 273
0%
Number of streams 5,6 milliards
0%
No matching quizzes found
Score Distribution
Percent of People with Each Score
Percentile by Number Answered
Your Score History
You have not taken this quiz